| 000 | 00434nam a22001457a 4500 | ||
|---|---|---|---|
| 005 | 20240316091250.0 | ||
| 008 | 240316b ||||| |||| 00| 0 eng d | ||
| 040 | _cAL | ||
| 041 | _aeng | ||
| 082 |
_223 _a658.8 _bSTUD |
||
| 245 | _aStudy on the Consumer Behaviour Towards Air Conditioners with Reference to LG Electronics | ||
| 260 |
_aMangalore _bSt Alysius College _c2003 |
||
| 700 |
_aKATPITIA (Perez) _9154832 |
||
| 942 |
_2ddc _cPRO |
||
| 999 |
_c230427 _d230427 |
||